000 00699nam a22002297a 4500
005 20170124105947.0
010 _aA-592390
020 _c00.00
_a8120713060
035 _aA-592390
037 _bCen Lib/Ret
040 _aDPL
_bEN
082 _a270.82
_bASG
100 _aAsghar Ali Engineer
_912574
245 _aThe rights of women in islam /
_cby Asghar Ali Engineer
260 _aDelhi
_bSterling Publishers Private Limited
_c1992
270 _aL-10 Green Park
_bDelhi
_e110016
300 _av,188p.
_c21cm(Hb)
500 _aIncludes index.
650 _aMuslim women -- Social conditions.
_910972
650 _aWomen in Islam.
_912575
942 _2ddc
_cEN
_h270.82
_mASG
999 _c124977
_d124977